000 00829cam a2200205 a 4500
001 14026358
005 20241216182714.0
008 050706s2005 gh b f001 0 eng
020 _a9964303068
050 0 0 _aP94.65.A35
_bI54 2005
245 0 0 _aIndigenous communication in Africa :
_bconcept, applications, and prospects /
_cedited by Kwasi Ansu-Kyeremeh.
260 _aAccra :
_bGhana Universities Press ;
_aOxford, UK :
_bDistributed in Europe and North America by African Books Collective,
_c2005.
300 _a282 p. ;
_c22 cm.
650 0 _aCommunication and culture
_zAfrica.
650 0 _aIndigenous peoples and mass media
_zAfrica.
650 0 _aIndigenous peoples
_zAfrica
_xSocial life and customs.
650 0 _aCommunication in community development
_zAfrica.
700 1 _aAnsu-Kyeremeh, Kwasi.
942 _2lcc
_cBK
_n0
999 _c2329
_d2329